Statistics for Top 10 Countries with the most computers per capita

Click here to take the quiz!

General Stats

  • This quiz has been taken 62 times
  • The average score is 7 of 10

Answer Stats

Computers/per 100 capita Answer % Correct
57United States
97%
42Canada
95%
47Australia
73%
49Norway
71%
51Sweden
68%
48Singapore
66%
65Switzerland
63%
51Denmark
63%
46Luxembourg
58%
48Bermuda
27%

Score Distribution

Percentile by Number Answered

Percent of People with Each Score

Your Score History

You have not taken this quiz